[Event "Frauenbundesliga 2016/2017"]
[Site "Wien / St. Veit / Jenbach"]
[Date "2017.03.26"]
[Round "5"]
[Board "2"]
[White "Froewis, Annika"]
[Black "Roos, Karin"]
[Result "1-0"]
[WhiteElo "2087"]
[BlackElo "1820"]
[PlyCount "69"]
[EventDate "2017.01.14"]
[EventType "team"]
[EventRounds "7"]
[EventCountry "AUT"]
[WhiteTeam "SK Dornbirn"]
[BlackTeam "Schach ohne Grenzen"]

1. e4 d6 2. d4 g6 3. Nc3 Bg7 4. Be3 Nf6 5. f3 b6 6. Qd2 Ba6 7. Nge2 c5 8. Bh6
O-O 9. O-O-O Nc6 10. Bxg7 Kxg7 11. g4 b5 12. dxc5 Ne5 13. g5 Nfd7 14. cxd6 Nxf3
15. Qe3 Nde5 16. h4 b4 17. dxe7 Qxe7 18. Nd5 Qe6 19. Bh3 Qc6 20. Nd4 Nxd4 21.
Qxd4 Rfe8 22. Nf6 Be2 23. Rd2 Qc4 24. Qxc4 Bxc4 25. Nxe8+ Rxe8 26. h5 a5 27. b3
Be6 28. Bxe6 Rxe6 29. h6+ Kf8 30. Rd8+ Ke7 31. Rh8 Nf3 32. Rxh7 Nxg5 33. Rg7
Rxe4 34. h7 Nxh7 35. Rhxh7 1-0

[Event "Frauenbundesliga 2016/2017"]
[Site "Wien / St. Veit / Jenbach"]
[Date "2017.03.26"]
[Round "5"]
[Board "3"]
[White "Kimpel, Janine"]
[Black "Kurapova, Olga"]
[Result "1/2-1/2"]
[WhiteElo "1969"]
[BlackElo "1950"]
[PlyCount "101"]
[EventDate "2017.01.14"]
[EventType "team"]
[EventRounds "7"]
[EventCountry "AUT"]
[WhiteTeam "Schach ohne Grenzen"]
[BlackTeam "SK Dornbirn"]

1. e4 e5 2. Nf3 Nf6 3. Nxe5 d6 4. Nf3 Nxe4 5. d4 d5 6. Bd3 Nc6 7. O-O Be7 8. c4
Nb4 9. Be2 Bf5 10. a3 Nc6 11. Nc3 dxc4 12. Bxc4 O-O 13. Re1 Nf6 14. h3 h6 15.
Be3 a6 16. Ne5 Nxe5 17. dxe5 Nd7 18. f4 Bc5 19. Qh5 Be6 20. Bxe6 fxe6 21. Qg4
Qe7 22. Ne4 Bxe3+ 23. Rxe3 Rf7 24. Rd1 Rd8 25. Red3 Kh8 26. Ng3 Qf8 27. Nh5 Qe7
28. Kh2 Kh7 29. Rg3 Nxe5 30. fxe5 Rxd1 31. Qxd1 Qc5 32. Qd3+ Kh8 33. Qe4 Rf5
34. Nxg7 Qxe5 35. Qg4 Rg5 36. Qf3 Qxg3+ 37. Qxg3 Rxg3 38. Kxg3 Kxg7 39. Kf4 Kf6
40. h4 e5+ 41. Kf3 h5 42. g4 hxg4+ 43. Kxg4 c5 44. h5 b5 45. h6 b4 46. axb4
cxb4 47. h7 Kg7 48. Kf5 a5 49. Kxe5 a4 50. Kd4 a3 51. bxa3 1/2-1/2

[Event "Frauenbundesliga 2016/2017"]
[Site "Wien / St. Veit / Jenbach"]
[Date "2017.03.26"]
[Round "5"]
[Board "4"]
[White "Pilsan, Martha"]
[Black "Moerwald, Magdalena"]
[Result "1-0"]
[WhiteElo "1651"]
[BlackElo "1754"]
[PlyCount "75"]
[EventDate "2017.01.14"]
[EventType "team"]
[EventRounds "7"]
[EventCountry "AUT"]
[WhiteTeam "SK Dornbirn"]
[BlackTeam "Schach ohne Grenzen"]

1. e4 c6 2. d4 d5 3. exd5 cxd5 4. Bd3 Nc6 5. c3 Nf6 6. Bf4 g6 7. Nd2 Bg4 8.
Ngf3 Qd7 9. Qc2 Rc8 10. Ne5 Qe6 11. O-O Nh5 12. Be3 Nxe5 13. dxe5 a6 14. Bd4
Nf4 15. Nb3 Nxd3 16. Qxd3 Bf5 17. Qe3 Qc6 18. e6 Rg8 19. exf7+ Kxf7 20. Rfe1 e6
21. Be5 Bg7 22. Nd4 Qd7 23. Nf3 Kf8 24. Ng5 Bxe5 25. Qxe5 Rc6 26. Rad1 Rb6 27.
Nxh7+ Qxh7 28. Qb8+ Kg7 29. Qc7+ Kh8 30. Qxb6 Rf8 31. Qd4+ Kg8 32. Re3 Qh5 33.
f3 Qg5 34. Kh1 Rf7 35. g4 Bc2 36. Rde1 Rf4 37. Qc5 Rc4 38. Qb6 1-0

[Event "Frauenbundesliga 2016/2017"]
[Site "Wien / St. Veit / Jenbach"]
[Date "2017.03.26"]
[Round "5"]
[Board "1"]
[White "Trippold, Denise"]
[Black "Schloffer, Jasmin-Denise"]
[Result "1/2-1/2"]
[WhiteElo "2064"]
[BlackElo "1937"]
[PlyCount "77"]
[EventDate "2017.01.14"]
[EventType "team"]
[EventRounds "7"]
[EventCountry "AUT"]
[WhiteTeam "SK Baden"]
[BlackTeam "Spg. Feldbach-Kirchberg"]

1. d4 Nf6 2. c4 e6 3. Nf3 b6 4. g3 Ba6 5. Qc2 Bb7 6. Bg2 c5 7. d5 exd5 8. cxd5
Bxd5 9. Nc3 Bc6 10. Bf4 Be7 11. O-O-O O-O 12. e4 b5 13. e5 Ne8 14. Ne4 f6 15.
exf6 Nxf6 16. Nxf6+ Bxf6 17. h4 h6 18. Rhe1 Re8 19. Qg6 Na6 20. Bxh6 Rxe1 21.
Rxe1 Nb4 22. Kb1 Qf8 23. a3 Nd5 24. Ng5 Bxg5 25. Qxg5 Nf6 26. Bxc6 dxc6 27. Qg6
Qf7 28. Qxf7+ Kxf7 29. Be3 c4 30. Bc5 Nd5 31. h5 a6 32. g4 Rh8 33. Kc2 Rh6 34.
Kd2 Rf6 35. Re4 Re6 36. Rd4 Rf6 37. Re4 Re6 38. Rd4 Rf6 39. Re4 1/2-1/2

[Event "Frauenbundesliga 2016/2017"]
[Site "Wien / St. Veit / Jenbach"]
[Date "2017.03.26"]
[Round "5"]
[Board "2"]
[White "Horvath, Reka"]
[Black "Stallinger, Vanessa"]
[Result "1-0"]
[WhiteElo "2052"]
[BlackElo "1852"]
[PlyCount "53"]
[EventDate "2017.01.14"]
[EventType "team"]
[EventRounds "7"]
[EventCountry "AUT"]
[WhiteTeam "Spg. Feldbach-Kirchberg"]
[BlackTeam "SK Baden"]

1. Nf3 Nf6 2. g3 d5 3. Bg2 g6 4. O-O Bg7 5. d4 Bg4 6. c4 c6 7. cxd5 cxd5 8. Ne5
Bf5 9. Nc3 e6 10. Qb3 Qb6 11. Qa3 Qxd4 12. Nb5 Qxe5 13. Bf4 Qxe2 14. Nc7+ Kd8
15. Rfe1 Qd3 16. Qd6+ Nbd7 17. Rad1 Qc2 18. Nxa8 Ne8 19. Qb4 Qc8 20. Bxd5 e5
21. Bxb7 Qb8 22. Rc1 Bf8 23. Qa5+ Ke7 24. Bxe5 Qxb7 25. Bxh8+ Be6 26. Qg5+ f6
27. Qe3 1-0

[Event "Frauenbundesliga 2016/2017"]
[Site "Wien / St. Veit / Jenbach"]
[Date "2017.03.26"]
[Round "5"]
[Board "3"]
[White "Lymysalo, Venla"]
[Black "Horvath, Orsolya"]
[Result "1-0"]
[WhiteElo "1800"]
[BlackElo "1867"]
[PlyCount "75"]
[EventDate "2017.01.14"]
[EventType "team"]
[EventRounds "7"]
[EventCountry "AUT"]
[WhiteTeam "SK Baden"]
[BlackTeam "Spg. Feldbach-Kirchberg"]

1. d4 d5 2. c4 Nf6 3. cxd5 Nxd5 4. e4 Nf6 5. Nc3 e6 6. Bg5 Be7 7. Bc4 Nxe4 8.
Bxe7 Nxc3 9. bxc3 Qxe7 10. Nf3 O-O 11. O-O Nd7 12. Re1 b6 13. d5 Nc5 14. Re5
Qf6 15. Qc2 h6 16. Rae1 exd5 17. Bxd5 c6 18. Be4 Bd7 19. Bf5 Rad8 20. Nd4 Rfe8
21. Rxe8+ Rxe8 22. Rxe8+ Bxe8 23. Qe2 Kf8 24. h3 Bd7 25. Bxd7 Nxd7 26. Qg4 Ke8
27. Qe4+ Qe5 28. Qxc6 Qe1+ 29. Kh2 Qxf2 30. Qc7 f5 31. Nc6 Qd2 32. Qd8+ Kf7 33.
Ne5+ Ke6 34. Qe8+ Kf6 35. Nxd7+ Kg5 36. Qe7+ Kg6 37. Nf8+ Kh5 38. Qf7+ 1-0

[Event "Frauenbundesliga 2016/2017"]
[Site "Wien / St. Veit / Jenbach"]
[Date "2017.03.26"]
[Round "5"]
[Board "4"]
[White "Hadler, Hannah"]
[Black "Berger, Lisa"]
[Result "0-1"]
[WhiteElo "1530"]
[BlackElo "1643"]
[PlyCount "58"]
[EventDate "2017.01.14"]
[EventType "team"]
[EventRounds "7"]
[EventCountry "AUT"]
[WhiteTeam "Spg. Feldbach-Kirchberg"]
[BlackTeam "SK Baden"]

1. d4 d5 2. Bf4 e6 3. Nf3 Nf6 4. e3 Nbd7 5. Nbd2 c5 6. c3 a6 7. Be2 Be7 8. O-O
O-O 9. Qc2 b5 10. a3 Bb7 11. Bg3 Rc8 12. Qd1 Re8 13. Re1 c4 14. Ne5 Nxe5 15.
Bxe5 Bd6 16. Nf3 Ne4 17. Bxd6 Qxd6 18. Nd2 Red8 19. Bf3 Qe7 20. Qc2 f5 21. h3
Qh4 22. Nf1 Rf8 23. Kh2 Nxf2 24. Ng3 Ne4 25. Bxe4 fxe4 26. Rf1 Qg5 27. Qe2 e5
28. Rae1 exd4 29. cxd4 Bc6 0-1

[Event "Frauenbundesliga 2016/2017"]
[Site "Wien / St. Veit / Jenbach"]
[Date "2017.03.26"]
[Round "5"]
[Board "1"]
[White "Mar, Karmen"]
[Black "Rozman, Monika"]
[Result "0-1"]
[WhiteElo "2087"]
[BlackElo "2135"]
[PlyCount "124"]
[EventDate "2017.01.14"]
[EventType "team"]
[EventRounds "7"]
[EventCountry "AUT"]
[WhiteTeam "SC Extraherb WS"]
[BlackTeam "SV Chesshero Rapid Feffernitz"]

1. e4 c5 2. Nf3 d6 3. Nc3 a6 4. g3 b5 5. Bg2 Bb7 6. d3 e6 7. O-O Ne7 8. Be3 Nd7
9. a3 g6 10. Qd2 Bg7 11. Bh6 O-O 12. Bxg7 Kxg7 13. Ne1 Qb6 14. Kh1 Rae8 15. f4
f5 16. Nf3 d5 17. exd5 exd5 18. d4 c4 19. Ne5 Nf6 20. Rad1 Nc8 21. Qf2 Nd6 22.
Qf3 Rd8 23. Ne2 b4 24. a4 a5 25. h3 Bc6 26. b3 c3 27. Nc1 Bb7 28. Rfe1 Nde4 29.
Rg1 Bc8 30. Kh2 h5 31. h4 Rfe8 32. Bh3 Re7 33. Ncd3 Ba6 34. Nc1 Rde8 35. Qg2
Nd2 36. Kh1 Qxd4 37. Nc6 Qe4 38. Nxe7 Qxe7 39. Qf2 Bb7 40. Qd4 Nf3 41. Qd3 Nxg1
42. Kxg1 Qc5+ 43. Kg2 d4+ 44. Kh2 Be4 45. Qb5 Qxb5 46. axb5 Bxc2 47. Rxd4 Rb8
48. Bf1 Ne4 49. Rd7+ Kh6 50. Bc4 Nd2 51. Bd5 a4 52. bxa4 Bxa4 53. Na2 c2 54.
Rc7 b3 55. Bxb3 Bxb3 56. Nc1 Bc4 57. Rd7 Ne4 58. Rd4 Bxb5 59. Rb4 Rd8 60. Rxb5
Rd2+ 61. Kg1 Rd1+ 62. Kg2 Rxc1 0-1

[Event "Frauenbundesliga 2016/2017"]
[Site "Wien / St. Veit / Jenbach"]
[Date "2017.03.26"]
[Round "5"]
[Board "2"]
[White "Sommer, Hannah"]
[Black "Zechner, Andrea"]
[Result "0-1"]
[WhiteElo "1768"]
[BlackElo "1867"]
[PlyCount "82"]
[EventDate "2017.01.14"]
[EventType "team"]
[EventRounds "7"]
[EventCountry "AUT"]
[WhiteTeam "SV Chesshero Rapid Feffernitz"]
[BlackTeam "SC Extraherb WS"]

1. d4 d5 2. c4 c6 3. cxd5 cxd5 4. Nc3 Nc6 5. Nf3 Nf6 6. e3 a6 7. Be2 Bg4 8. O-O
e6 9. h3 Bh5 10. a3 Bd6 11. b4 O-O 12. Bb2 Qe7 13. Re1 h6 14. Qb3 Rac8 15. Rac1
Rc7 16. Nd2 Bxe2 17. Nxe2 Rfc8 18. Nf3 Ne4 19. Qd3 Qf6 20. Rf1 Qf5 21. Nd2 Ng3
22. e4 Nxe4 23. Nxe4 Qxe4 24. Qxe4 dxe4 25. Rfd1 Ne7 26. Rxc7 Rxc7 27. Rc1
Rxc1+ 28. Nxc1 Nd5 29. Ne2 f5 30. g3 Kf7 31. Nc3 Nxc3 32. Bxc3 Ke7 33. Kf1 Kd7
34. Ke2 g6 35. Bd2 h5 36. Bf4 Bxf4 37. gxf4 Kc6 38. Kd2 Kd5 39. Kc3 h4 40. a4
b6 41. b5 a5 0-1

[Event "Frauenbundesliga 2016/2017"]
[Site "Wien / St. Veit / Jenbach"]
[Date "2017.03.26"]
[Round "5"]
[Board "3"]
[White "Majkovski, Sarah"]
[Black "Zoehrer, Sarah"]
[Result "0-1"]
[WhiteElo "1631"]
[BlackElo "1717"]
[PlyCount "58"]
[EventDate "2017.01.14"]
[EventType "team"]
[EventRounds "7"]
[EventCountry "AUT"]
[WhiteTeam "SC Extraherb WS"]
[BlackTeam "SV Chesshero Rapid Feffernitz"]

1. e4 d5 2. exd5 Qxd5 3. Nc3 Qd6 4. d4 Nf6 5. Nf3 a6 6. g3 Bg4 7. Bg2 e6 8. O-O
Nc6 9. Be3 Qb4 10. Qd2 Rd8 11. a3 Qa5 12. h3 Bxf3 13. Bxf3 Qf5 14. Bxc6+ bxc6
15. Kh2 h5 16. Rad1 h4 17. g4 Qf3 18. Qe2 Bd6+ 19. Kg1 Qxh3 20. f3 Qg3+ 21. Qg2
Rb8 22. b4 Nd5 23. Nxd5 cxd5 24. f4 Qxe3+ 25. Kh2 Bxf4+ 26. Rxf4 Qxf4+ 27. Kg1
Qg3 28. Rd3 Qxg2+ 29. Kxg2 Kd7 0-1

[Event "Frauenbundesliga 2016/2017"]
[Site "Wien / St. Veit / Jenbach"]
[Date "2017.03.26"]
[Round "5"]
[Board "4"]
[White "Tarmastin, Denise"]
[Black "Mattersberger, Melanie"]
[Result "0-1"]
[WhiteElo "1489"]
[BlackElo "1644"]
[PlyCount "52"]
[EventDate "2017.01.14"]
[EventType "team"]
[EventRounds "7"]
[EventCountry "AUT"]
[WhiteTeam "SV Chesshero Rapid Feffernitz"]
[BlackTeam "SC Extraherb WS"]

1. d4 d5 2. Nf3 Nf6 3. e3 e6 4. Bd3 Nbd7 5. O-O c5 6. b3 Bd6 7. Bb2 O-O 8. Ne5
Qc7 9. f4 h6 10. Nd2 Nh7 11. Ndf3 b6 12. Qe1 Nxe5 13. fxe5 Be7 14. Qg3 a5 15.
Rac1 a4 16. Ra1 Ba6 17. Rfc1 c4 18. Bxh7+ Kxh7 19. Bc3 cxb3 20. Bd2 b2 21. Rab1
bxc1=Q+ 22. Rxc1 Qc4 23. Qe1 Qe2 24. Qxe2 Bxe2 25. c3 Ba6 26. Rb1 Rab8 0-1

[Event "Frauenbundesliga 2016/2017"]
[Site "Wien / St. Veit / Jenbach"]
[Date "2017.04.21"]
[Round "6"]
[Board "1"]
[White "Mira, Helene"]
[Black "Newrkla, Katharina"]
[Result "1/2-1/2"]
[WhiteElo "2068"]
[BlackElo "2188"]
[PlyCount "85"]
[EventDate "2017.01.14"]
[EventType "team"]
[EventRounds "7"]
[EventCountry "AUT"]
[WhiteTeam "ASVOE Pamhagen"]
[BlackTeam "ASVOE Wulkaprodersdorf"]

1. Nf3 Nf6 2. c4 g6 3. Nc3 Bg7 4. e4 d6 5. d4 O-O 6. Be2 e5 7. O-O Nc6 8. d5
Ne7 9. Ne1 Nd7 10. f3 f5 11. Nd3 c5 12. f4 fxe4 13. Nxe4 Nf5 14. g4 Nd4 15.
Nxd6 Qe7 16. Nxc8 Raxc8 17. fxe5 Nxe5 18. Nf4 Qh4 19. Be3 Nxe2+ 20. Qxe2 Qxg4+
21. Qxg4 Nxg4 22. Bd2 Bxb2 23. Rab1 Bd4+ 24. Kg2 Be3 25. Kg3 Bxd2 26. Kxg4 Bxf4
27. Rxf4 b6 28. a4 Rfd8 29. Rf6 Kg7 30. Re6 Re8 31. Rbe1 Rxe6 32. Rxe6 Kf7 33.
Kg5 Rc7 34. Kh6 Kf8 35. h4 Rf7 36. Kg5 Rf5+ 37. Kg4 Rf1 38. a5 Rc1 39. axb6
Rxc4+ 40. Kg5 axb6 41. Rxb6 Ke7 42. Rb7+ Kd6 43. Rxh7 1/2-1/2

[Event "Frauenbundesliga 2016/2017"]
[Site "Wien / St. Veit / Jenbach"]
[Date "2017.04.21"]
[Round "6"]
[Board "2"]
[White "Boric, Elena"]
[Black "Horvath, Maria"]
[Result "0-1"]
[WhiteElo "2204"]
[BlackElo "1983"]
[PlyCount "64"]
[EventDate "2017.01.14"]
[EventType "team"]
[EventRounds "7"]
[EventCountry "AUT"]
[WhiteTeam "ASVOE Wulkaprodersdorf"]
[BlackTeam "ASVOE Pamhagen"]

1. e4 c5 2. Nf3 e6 3. d3 d5 4. Nbd2 Nc6 5. g3 Nf6 6. Bg2 Be7 7. O-O b6 8. Re1
Bb7 9. c3 Qc7 10. Qe2 h6 11. Nf1 g5 12. h4 dxe4 13. dxe4 gxh4 14. Nxh4 O-O-O
15. Bf4 Ne5 16. Nd2 Nfd7 17. Nhf3 Nxf3+ 18. Nxf3 e5 19. Bc1 Kb8 20. a4 Rdg8 21.
a5 h5 22. axb6 axb6 23. Rd1 h4 24. Rxd7 Qxd7 25. Nxe5 Qe6 26. Nc4 Bd8 27. Nd6
Qxd6 28. Bf4 Qxf4 29. gxf4 h3 30. f3 Rxg2+ 31. Qxg2 hxg2 32. Kxg2 Bc7 0-1

[Event "Frauenbundesliga 2016/2017"]
[Site "Wien / St. Veit / Jenbach"]
[Date "2017.04.21"]
[Round "6"]
[Board "3"]
[White "Borek, Jutta"]
[Black "Rampler, Evelyn"]
[Result "1-0"]
[WhiteElo "2029"]
[BlackElo "1827"]
[PlyCount "185"]
[EventDate "2017.01.14"]
[EventType "team"]
[EventRounds "7"]
[EventCountry "AUT"]
[WhiteTeam "ASVOE Pamhagen"]
[BlackTeam "ASVOE Wulkaprodersdorf"]

1. c4 Nf6 2. g3 d6 3. Bg2 e5 4. Nc3 Be7 5. e3 c6 6. d4 exd4 7. Qxd4 Be6 8. Nge2
Qb6 9. b3 O-O 10. Bb2 Na6 11. O-O Bf5 12. Qxb6 axb6 13. Nd4 Bg6 14. Na4 Nd7 15.
Rfd1 Nac5 16. Nxc5 Nxc5 17. Ne2 Rfd8 18. Nf4 Bf5 19. h3 Ne6 20. Nd3 Nc7 21. e4
Bc8 22. a4 Rf8 23. Ba3 Rd8 24. e5 c5 25. Bb2 dxe5 26. Nxe5 Ne6 27. Rxd8+ Nxd8
28. g4 Bf6 29. Rd1 Be6 30. Rd2 Rc8 31. f4 Kf8 32. g5 Bxe5 33. Bxe5 Nc6 34. h4
g6 35. Kf2 Ke8 36. Ke3 Na5 37. Rd3 Nc6 38. Be4 Bf5 39. Bxf5 gxf5 40. Bc3 Rc7
41. Rd6 Re7+ 42. Kf2 Re6 43. Rd3 Re4 44. Kf3 Nd4+ 45. Bxd4 cxd4 46. h5 Ke7 47.
b4 Kd6 48. Ra3 Kc6 49. h6 Re8 50. a5 Ra8 51. Ke2 Re8+ 52. Kf3 Ra8 53. Rd3 Rd8
54. axb6 Kxb6 55. Ke2 Re8+ 56. Kd2 Re4 57. Rf3 Kc6 58. Kd3 Kb6 59. Rf2 Kc6 60.
Re2 Rxf4 61. Re7 Rg4 62. Rxf7 f4 63. Rf6+ Kc7 64. Kxd4 Rxg5 65. Rxf4 Kb6 66.
Rf6+ Ka7 67. c5 Rg4+ 68. Kc3 Rh4 69. Kb3 Rh3+ 70. Ka4 Rh1 71. Kb5 Rh2 72. Rd6
Rh1 73. c6 bxc6+ 74. Kxc6 Rd1 75. Kd7 Rd4 76. b5 Rb4 77. Kc6 Rc4+ 78. Kd5 Rh4
79. Kc5 Kb8 80. b6 Kc8 81. Kd5 Kb7 82. Rf6 Rh5+ 83. Ke6 Kxb6 84. Kf7+ Kc5 85.
Kg8 Rd5 86. Kxh7 Rd7+ 87. Kg8 Rd8+ 88. Rf8 Rd5 89. h7 Rg5+ 90. Kf7 Rf5+ 91. Ke7
Re5+ 92. Kd7 Rd5+ 93. Kc7 1-0

[Event "Frauenbundesliga 2016/2017"]
[Site "Wien / St. Veit / Jenbach"]
[Date "2017.04.21"]
[Round "6"]
[Board "4"]
[White "Tschida, Verena"]
[Black "Kosc, Renata"]
[Result "0-1"]
[WhiteElo "1580"]
[BlackElo "1996"]
[PlyCount "58"]
[EventDate "2017.01.14"]
[EventType "team"]
[EventRounds "7"]
[EventCountry "AUT"]
[WhiteTeam "ASVOE Wulkaprodersdorf"]
[BlackTeam "ASVOE Pamhagen"]

1. d4 d5 2. c4 e6 3. Nc3 Nf6 4. Bg5 Be7 5. e3 h6 6. Bh4 O-O 7. Nf3 Nbd7 8. Qc2
a6 9. cxd5 exd5 10. Bd3 b6 11. O-O Bb7 12. Rac1 c5 13. Qe2 c4 14. Bb1 b5 15. a3
Re8 16. Qc2 g6 17. Ne2 Ne4 18. Bxe7 Qxe7 19. Nc3 f5 20. Nd2 Ndf6 21. Ndxe4 Nxe4
22. Nxe4 fxe4 23. f4 Bc8 24. Qf2 Bd7 25. Qg3 Kf7 26. Bc2 a5 27. Bd1 Rf8 28. Bg4
Bf5 29. Bxf5 gxf5 {Rest nicht leserlich, Schwarz gewann nach 53 ZÃ¼gen!} 0-1

[Event "Frauenbundesliga 2016/2017"]
[Site "Wien / St. Veit / Jenbach"]
[Date "2017.04.21"]
[Round "6"]
[Board "1"]
[White "Froewis, Annika"]
[Black "Richterova, Natasa"]
[Result "1-0"]
[WhiteElo "2087"]
[BlackElo "2210"]
[PlyCount "59"]
[EventDate "2017.01.14"]
[EventType "team"]
[EventRounds "7"]
[EventCountry "AUT"]
[WhiteTeam "SK Dornbirn"]
[BlackTeam "Spg. Steyr"]

1. e4 e5 2. Nf3 d6 3. d4 Nd7 4. Bc4 c6 5. O-O Be7 6. a4 a5 7. c3 Ngf6 8. Qe2
O-O 9. Nbd2 h6 10. Bb3 Qc7 11. Nh4 Re8 12. dxe5 Nxe5 13. f4 Qb6+ 14. Kh1 Bg4
15. Nhf3 Nxf3 16. gxf3 Bh3 17. Rg1 Nh5 18. Nc4 Qc7 19. Qf2 d5 20. exd5 cxd5 21.
Ne5 Be6 22. Be3 Rac8 23. Rae1 Qd8 24. Qg2 Bc5 25. Bxc5 Rxc5 26. Bc2 Qf6 27. f5
Bxf5 28. Ng4 Qc6 29. Rxe8+ Qxe8 30. Nf6+ 1-0

[Event "Frauenbundesliga 2016/2017"]
[Site "Wien / St. Veit / Jenbach"]
[Date "2017.04.21"]
[Round "6"]
[Board "2"]
[White "Nagy, Laura"]
[Black "Kurapova, Olga"]
[Result "0-1"]
[WhiteElo "1831"]
[BlackElo "1950"]
[PlyCount "106"]
[EventDate "2017.01.14"]
[EventType "team"]
[EventRounds "7"]
[EventCountry "AUT"]
[WhiteTeam "Spg. Steyr"]
[BlackTeam "SK Dornbirn"]

1. e4 e5 2. Nf3 Nf6 3. Nxe5 d6 4. Nf3 Nxe4 5. d3 Nf6 6. d4 d5 7. Bd3 Bd6 8. O-O
O-O 9. Bg5 h6 10. Bh4 Bg4 11. c3 b6 12. h3 Bh5 13. Nbd2 g5 14. Bg3 Bxg3 15.
fxg3 g4 16. Ne5 gxh3 17. g4 Nxg4 18. Nxg4 Qg5 19. Bf5 hxg2 20. Rf2 Kh8 21. Qf3
Rg8 22. Rxg2 Nc6 23. Qxd5 Bxg4 24. Rxg4 Qe3+ 25. Kf1 Ne7 26. Qe4 Nxf5 27. Rxg8+
Rxg8 28. Qxe3 Nxe3+ 29. Ke2 Re8 30. Kf3 Nd5 31. Rh1 Kh7 32. Rh5 Nf6 33. Rf5 Kg6
34. Rf4 Kg5 35. Nc4 Re1 36. Kf2 Kxf4 37. Kxe1 Ng4 38. d5 h5 39. d6 cxd6 40.
Nxd6 f5 41. Kf1 Ne3+ 42. Kf2 Nd1+ 43. Kg2 Nxb2 44. Nc8 Nd1 45. Nxa7 Nxc3 46.
Nc8 b5 47. Nd6 b4 48. Nc4 Nxa2 49. Nb2 b3 50. Kh3 Ke3 51. Kh4 f4 52. Kxh5 f3
53. Kg4 f2 0-1

[Event "Frauenbundesliga 2016/2017"]
[Site "Wien / St. Veit / Jenbach"]
[Date "2017.04.21"]
[Round "6"]
[Board "3"]
[White "Pilsan, Martha"]
[Black "Hackbarth, Christa"]
[Result "0-1"]
[WhiteElo "1651"]
[BlackElo "1816"]
[PlyCount "64"]
[EventDate "2017.01.14"]
[EventType "team"]
[EventRounds "7"]
[EventCountry "AUT"]
[WhiteTeam "SK Dornbirn"]
[BlackTeam "Spg. Steyr"]

1. e4 c6 2. d4 d5 3. exd5 cxd5 4. Bd3 Nf6 5. Bf4 Qb6 6. b3 Nc6 7. c3 Bg4 8. f3
Bh5 9. Ne2 e6 10. a4 Bg6 11. b4 Rc8 12. a5 Qd8 13. Bb5 Nh5 14. Be3 Qc7 15. Nd2
a6 16. Ba4 Bd6 17. g3 O-O 18. Rc1 Nf6 19. Kf2 Qb8 20. Bf4 e5 21. dxe5 Nxe5 22.
Bxe5 Bxe5 23. Nb3 Rc7 24. Qd2 Rfc8 25. Nbd4 Qa7 26. Kg2 h6 27. Rhd1 Re7 28. Nf4
Bh7 29. Nb3 Bxf4 30. Qxf4 Re2+ 31. Kh3 Qf2 32. g4 Qg2+ 0-1

[Event "Frauenbundesliga 2016/2017"]
[Site "Wien / St. Veit / Jenbach"]
[Date "2017.04.21"]
[Round "6"]
[Board "4"]
[White "Bernhard, Julia"]
[Black "Karner, Sylvia"]
[Result "0-1"]
[WhiteElo "1818"]
[BlackElo "1665"]
[PlyCount "66"]
[EventDate "2017.01.14"]
[EventType "team"]
[EventRounds "7"]
[EventCountry "AUT"]
[WhiteTeam "Spg. Steyr"]
[BlackTeam "SK Dornbirn"]

1. e4 e5 2. Nf3 Nc6 3. Bc4 Bc5 4. c3 Nf6 5. d4 exd4 6. e5 d5 7. Bb5 Ne4 8. cxd4
Bb4+ 9. Bd2 Nxd2 10. Nbxd2 O-O 11. O-O Ne7 12. Nb3 c6 13. Bd3 Bf5 14. a3 Ba5
15. Bxf5 Nxf5 16. Qd3 g6 17. Nxa5 Qxa5 18. g4 Ng7 19. Qe3 Ne6 20. h4 Qd8 21.
Kg2 f6 22. Rh1 fxe5 23. Nxe5 Rf4 24. f3 Qe7 25. Rae1 Re8 26. Rd1 Ref8 27. h5 g5
28. h6 R8f6 29. Rh5 Kf8 30. Rh3 Ke8 31. Ng6 Rxg6 32. Qb3 Nxd4 33. Qc3 Qe2+ 0-1

[Event "Frauenbundesliga 2016/2017"]
[Site "Wien / St. Veit / Jenbach"]
[Date "2017.04.21"]
[Round "6"]
[Board "1"]
[White "Polterauer, Chiara"]
[Black "Ganzera, Andrea"]
[Result "1/2-1/2"]
[WhiteElo "1988"]
[BlackElo "1998"]
[PlyCount "61"]
[EventDate "2017.01.14"]
[EventType "team"]
[EventRounds "7"]
[EventCountry "AUT"]
[WhiteTeam "SV OEkothek St. Veit/Glan"]
[BlackTeam "Schach ohne Grenzen"]

1. e4 d6 2. d4 Nf6 3. Nc3 g6 4. Bg5 c6 5. Nf3 Bg4 6. h3 Bxf3 7. Qxf3 Bg7 8.
O-O-O Qa5 9. Qe3 h6 10. Bh4 Nbd7 11. Kb1 O-O 12. f4 c5 13. d5 Qb4 14. a3 Qb6
15. Be1 c4 16. Qxb6 Nxb6 17. g4 Rfd8 18. Bh4 Kf8 19. Bg2 Nfd7 20. Rhe1 Rac8 21.
Bf2 g5 22. fxg5 hxg5 23. Be3 Bxc3 24. bxc3 f6 25. Bd4 Kf7 26. Rh1 Rh8 27. Kc1
Ne5 28. Kd2 Ng6 29. Ke3 Nf4 30. Bf1 Ng6 31. Bg2 1/2-1/2

[Event "Frauenbundesliga 2016/2017"]
[Site "Wien / St. Veit / Jenbach"]
[Date "2017.04.21"]
[Round "6"]
[Board "2"]
[White "Wunderl, Eva"]
[Black "Kejzar, Petra"]
[Result "0-1"]
[WhiteElo "1880"]
[BlackElo "1991"]
[PlyCount "98"]
[EventDate "2017.01.14"]
[EventType "team"]
[EventRounds "7"]
[EventCountry "AUT"]
[WhiteTeam "Schach ohne Grenzen"]
[BlackTeam "SV OEkothek St. Veit/Glan"]

1. e4 c5 2. Nf3 e6 3. c3 Nf6 4. e5 Nd5 5. d4 cxd4 6. cxd4 b6 7. Be2 Bb7 8. O-O
Be7 9. Bd2 Nc6 10. Nc3 Nxc3 11. Bxc3 Nb4 12. Bxb4 Bxb4 13. Qa4 Be7 14. Rac1 O-O
15. Rc3 Bc6 16. Bb5 Bxb5 17. Qxb5 a6 18. Qb3 Qb8 19. Rfc1 Rd8 20. Rc7 Bc5 21.
R7xc5 bxc5 22. dxc5 Qxb3 23. axb3 Rab8 24. Nd2 Rdc8 25. Rc3 Rb5 26. Ne4 Rcb8
27. Nd2 a5 28. g3 f5 29. exf6 gxf6 30. c6 d5 31. f4 Kf7 32. Nf3 Rb4 33. Nd2 Ke7
34. c7 Rc8 35. Rc5 Kd6 36. Rxa5 Rxc7 37. Ra6+ Rc6 38. Rxc6+ Kxc6 39. Kf2 e5 40.
fxe5 fxe5 41. Ke3 Kd6 42. Kd3 e4+ 43. Kc3 Kc5 44. h3 Rb8 45. g4 d4+ 46. Kc2 Kd5
47. Nc4 Rf8 48. Kd2 Rf2+ 49. Ke1 Rh2 0-1

[Event "Frauenbundesliga 2016/2017"]
[Site "Wien / St. Veit / Jenbach"]
[Date "2017.04.21"]
[Round "6"]
[Board "3"]
[White "Krassnitzer, Maria"]
[Black "Roos, Karin"]
[Result "1-0"]
[WhiteElo "1601"]
[BlackElo "1820"]
[PlyCount "47"]
[EventDate "2017.01.14"]
[EventType "team"]
[EventRounds "7"]
[EventCountry "AUT"]
[WhiteTeam "SV OEkothek St. Veit/Glan"]
[BlackTeam "Schach ohne Grenzen"]

1. Nf3 Nf6 2. d4 d6 3. e3 g6 4. Be2 Bg7 5. O-O O-O 6. c4 Nbd7 7. Nc3 c6 8. Rb1
Re8 9. b4 e5 10. a4 exd4 11. exd4 Nf8 12. d5 Bf5 13. Rb3 Qd7 14. Bf4 cxd5 15.
cxd5 Ne4 16. Nxe4 Rxe4 17. Bb5 Qe7 18. Qd2 Qf6 19. Bg5 Bh6 20. Bxf6 Bxd2 21.
Nxd2 Nd7 22. Nxe4 Bxe4 23. Bxd7 Bxd5 24. Re3 1-0

[Event "Frauenbundesliga 2016/2017"]
[Site "Wien / St. Veit / Jenbach"]
[Date "2017.04.21"]
[Round "6"]
[Board "4"]
[White "Kimpel, Janine"]
[Black "Stangl, Helga"]
[Result "1/2-1/2"]
[WhiteElo "1969"]
[BlackElo "1603"]
[PlyCount "60"]
[EventDate "2017.01.14"]
[EventType "team"]
[EventRounds "7"]
[EventCountry "AUT"]
[WhiteTeam "Schach ohne Grenzen"]
[BlackTeam "SV OEkothek St. Veit/Glan"]

1. e4 c5 2. Nc3 d6 3. g3 g6 4. Bg2 Bg7 5. d3 Nc6 6. f4 e6 7. Nf3 Nge7 8. Be3
Rb8 9. O-O Bd7 10. Qd2 O-O 11. Rab1 Nd4 12. Nh4 b5 13. Ne2 Nec6 14. c3 Nxe2+
15. Qxe2 b4 16. c4 Nd4 17. Bxd4 Bxd4+ 18. Kh1 a5 19. b3 Qc7 20. Nf3 Bg7 21.
Rbd1 Qa7 22. Qf2 e5 23. Nh4 a4 24. f5 axb3 25. axb3 g5 26. Nf3 f6 27. Ra1 Qb7
28. Ra5 Ra8 29. Rfa1 Rxa5 30. Rxa5 Ra8 1/2-1/2